[Event "FRA-chT4 0809"]
[Site "France "]
[Date "2009.01.18"]
[Round "4"]
[White "Marty, Damien"]
[Black "Roques, Michel"]
[Result "1-0"]
[WhiteElo "2020"]
[BlackElo "1780"]
[PlyCount "91"]
[EventDate "2008.10.??"]
[EventType "team-tourn"]
[EventRounds "9"]
[EventCountry "FRA"]
[SourceTitle "EXT 2010"]
[Source "ChessBase"]
[SourceDate "2010.11.25"]
[SourceVersion "1"]
[SourceVersionDate "2010.11.25"]
[SourceQuality "1"]

1. e4 e5 2. Nf3 d6 3. d4 Nf6 4. Bc4 c6 5. Bg5 Nbd7 6. dxe5 dxe5 7. 0-0 Be7 8. Nc3 0-0 9. Qe2 b5 10. Bb3 Qc7 11. a3 Bb7 12. Rfd1 Rfd8 13. Bh4 a5 14. Ng5 Rf8 15. Rxd7 Qxd7 16. Rd1 Qg4 17. Qxg4 Nxg4 18. Nxf7 Bxh4 19. Nxe5+ Kh8 20. Nxg4 h5 21. Ne5 Bxf2+ 22. Kh1 Kh7 23. Nf7 b4 24. Ne2 c5 25. Rd6 Be3 26. e5 Ba6 27. Bd5 Bxe2 28. Bxa8 Rxf7 29. Be4+ Kg8 30. Rd8+ Rf8 31. Bd5+ Kh7 32. Rxf8 c4 33. axb4 axb4 34. e6 Bc5 35. Rc8 Bd6 36. Bxc4 Bxc4 37. Rxc4 Kg6 38. Rc6 Be7 39. c3 Kf6 40. Kg1 g6 41. Kf2 Ke5 42. Kf3 Bd6 43. Rxd6 Kxd6 44. cxb4 Kxe6 45. b5 g5 46. Ke4 1-0

[Event "FRA-chT U18"]
[Site "France"]
[Date "1996.??.??"]
[Round "?"]
[White "Marty, Damien"]
[Black "Girardon, Jerome"]
[Result "1-0"]
[WhiteElo "1880"]
[BlackElo "2180"]
[PlyCount "67"]
[EventDate "1996.??.??"]
[EventType "team-tourn"]
[EventRounds "11"]
[EventCountry "FRA"]
[SourceTitle "EXT 2004"]
[Source "ChessBase"]
[SourceDate "2003.11.25"]
[SourceVersion "1"]
[SourceVersionDate "2003.11.25"]
[SourceQuality "1"]

1. e4 g6 2. d4 Bg7 3. Nf3 Nf6 4. Nc3 d5 5. e5 Ne4 6. Nxe4 dxe4 7. Ng5 c5 8. Bb5+ Nd7 9. 0-0 Qa5 10. Bc4 0-0 11. Nxf7 Rxf7 12. e6 Nb6 13. exf7+ Kf8 14. Be2 cxd4 15. Bg4 Kxf7 16. Bxc8 Rxc8 17. Re1 Qf5 18. Bd2 Nc4 19. Qe2 b6 20. Rac1 a5 21. b3 Nd6 22. a4 h5 23. Qa6 Qc5 24. Bf4 e5 25. Bd2 Bf6 26. c3 e3 27. fxe3 Qd5 28. cxd4 Rd8 29. Qxb6 exd4 30. Rf1 Nf5 31. e4 Qxe4 32. Rc7+ Be7 33. Bg5 Re8 34. Qf6+ 1-0

[Event "FRA-chT U18"]
[Site "France"]
[Date "1996.??.??"]
[Round "?"]
[White "Marty, Damien"]
[Black "Pitti, Alexandre"]
[Result "1/2-1/2"]
[WhiteElo "1880"]
[BlackElo "1890"]
[PlyCount "33"]
[EventDate "1996.??.??"]
[EventType "team-tourn"]
[EventRounds "11"]
[EventCountry "FRA"]
[SourceTitle "EXT 2004"]
[Source "ChessBase"]
[SourceDate "2003.11.25"]
[SourceVersion "1"]
[SourceVersionDate "2003.11.25"]
[SourceQuality "1"]

1. e4 Nf6 2. e5 Nd5 3. c4 Nb6 4. d4 d6 5. f4 dxe5 6. fxe5 c5 7. d5 e6 8. Nf3 exd5 9. cxd5 Qxd5 10. Bd2 c4 11. Nc3 Qc6 12. Bg5 Be7 13. Bxe7 Kxe7 14. Qd2 Re8 15. Be2 Be6 16. Nb5 Na6 17. Nd6 1/2-1/2